000 00767nam a22002055i 4500
001 170342
003 ES-MaACL
005 20230906214349.0
008 090225s1951 grb |||| | eng d
080 _a782.1
100 1 _aAuden, W. H.
_923843
245 1 3 _aLe libertin
_b: opéra en trois actes /
_csur une fable de W. H. Auden et Chester Kallmann ; musique par Igor Strawinsky ; version française de André de Badet.
260 _aLondon :
_bBoosey and Hawkes Ltd.,
_c[1951]
300 _a64 p. ;
_c20 cm.
650 1 4 _aÓperas-
_vLibretos.
_9137584
700 1 _aKallman, Chester.
_9139531
700 1 _aStravinsky, Igor.
_9139612
700 1 _aBadet, André de.
_9139532
852 _aES-MaACL
_j2249-F-24
_9R.140872
_z.- Biblioteca Jacinto Martínez Lacalle
999 _c170342
_d170342